000 00733nam a22001457a 4500
999 _c5506
_d5506
020 _a9780767405027
020 _a0767405021
050 _aHQ10.5
_b.U6R53
100 _a Kohl, Jeanne
245 _aStudy guide to accompany Intimate relationships, marriages, and families
_c Jeanne Kohl; F Philip Rice
260 _aMountain View, Calif. :
_b Mayfield Pub. Co.,
_c ©1990.
300 _aix, 374 pages ;
_b
_c28 cm
505 _apt.l. Social and psychological perspective: cognition and challenging pt.ll. Intimate relationships: choice and change pt.lll. Marriages and family relationships:Challenges and commitment pt.iv. Parenthood: Cognition and change pt.v. Family stress and reoganization: Choices and commitment
942 _cBK